|
|
|
|
| LEADER |
00000nam0a2200000 4500 |
| 001 |
269573 |
| 005 |
20231101234251.0 |
| 020 |
|
|
|a RU
|b 86-31971
|
| 035 |
|
|
|a (RuTPU)RU\TPU\book\292750
|
| 090 |
|
|
|a 269573
|
| 100 |
|
|
|a 20140919d1986 k y0rusy5003 ca
|
| 101 |
0 |
|
|a rus
|
| 102 |
|
|
|a RU
|
| 105 |
|
|
|a a z 001zy
|
| 200 |
1 |
|
|a Жесткоцепные полимерные молекулы
|f В. Н. Цветков
|g Академия наук СССР (АН СССР), Институт высокомолекулярных соединений (ИВС) ; под ред. Б. В. Дерягина
|
| 210 |
|
|
|a Ленинград
|c Наука
|d 1986
|
| 215 |
|
|
|a 378 с.
|c ил.
|
| 320 |
|
|
|a Библиогр. в конце глав
|
| 606 |
1 |
|
|a Полимеры
|x Химия
|2 stltpush
|3 (RuTPU)RU\TPU\subj\74408
|9 86706
|
| 610 |
1 |
|
|a структура
|
| 610 |
1 |
|
|a полимерные молекулы
|
| 610 |
1 |
|
|a полимерные цепи
|
| 610 |
1 |
|
|a гидродинамические свойства
|
| 610 |
1 |
|
|a лучепреломление
|
| 675 |
|
|
|a 678:54
|z rus
|v 3
|
| 700 |
|
1 |
|a Цветков
|b В. Н.
|g Виктор Николаевич
|4 070
|
| 702 |
|
1 |
|a Дерягин
|b Б. В.
|4 340
|
| 712 |
0 |
2 |
|a Академия наук СССР (АН СССР)
|b Институт высокомолекулярных соединений (ИВС)
|2 stltpush
|3 (RuTPU)RU\TPU\col\13925
|
| 801 |
|
0 |
|a RU
|b RuMRKP
|c 19950704
|g psbo
|
| 801 |
|
1 |
|a RU
|b 63413507
|c 20140919
|
| 801 |
|
2 |
|a RU
|b 63413507
|c 20170301
|g RCR
|
| 942 |
|
|
|c BK
|